• 首页
  • 本馆介绍
  • 公告通知
  • 最新文献
  • 馆藏检索
  • 电子资源
  • 读者导购
  • 参考咨询
  • 我的图书馆
  • 登录
  • 详细信息显示
  • 放入我的书架
  • 预约/预借图书
  • 作者相关作品
  • 分类相关作品
  • 丛书相关作品
  • 出版社相关作品

书目信息

  • 表格格式
  • 工作单格式
  • 卡片格式
题名:
社会主义经济效果文集
    
 
作者: ;光明日报社理论部 编
分册:  
出版信息: 沈阳   辽宁人民出版社  1981
页数: 170页
开本: 19cm
丛书名:
单 册:
中图分类: F045.4-53
科图分类:
主题词: 社会主义经济-经济效果--文集 , 经济效果-社会主义经济--文集
电子资源:
ISBN:
000 00722nam0 2200241 45
001 0181002708
005 20070731111710.73
010    @dCNY0.46
091    @aCN@b4090.30
100    @a19950517d1981 em y0chiy0121 ea
101 0  @achi
102    @aCN@b210000
105    @ay z 000yy
200 10 @a社会主义经济效果文集@Ashe hui zhu yi jing ji xiao guo wen ji@f光明日报社理论部编
210    @a沈阳@c辽宁人民出版社@d1981
215    @a170页@d19cm
606    @a社会主义经济-经济效果@x文集
606    @a经济效果-社会主义经济@x文集
690    @aF045.4-53@v3
711 02 @a光明日报社理论部@Aguang ming ri bao she li lun bu@4编
801  0 @aCN@bTSSF@c20070731
801  2 @aCN@bNLC@c20060801
905    @a10447@dF045.4-53@e96
    
    社会主义经济效果文集/光明日报社理论部编.-沈阳:辽宁人民出版社,1981
    170页;19cm
    
    
    ISBN :CNY0.46
    
●
相关链接 在E读中查询图书 在五车中查询图书 在当当中查询图书 在豆瓣中查询图书


正题名:社会主义经济效果文集     索取号:F045.4-53/96         预约/预借

序号 登录号 条形码 馆藏地/架位号 状态 备注
1 0441073   204410734   密集书库/ [索取号:F045.4-53/96] 在馆    
2 0786449   207864499   密集书库/ [索取号:F045.4-53/96] 在馆    
唐山师范学院图书馆 欢迎您!
大连网信软件有限公司© 版权所有